OPAC Home

කළුතර අධ්‍යාපන පර්දේශයේ පස් අවුරුදු අධ්‍යාපන සංවර්ධන සැලැස්ම 1979-1983 (Record no. 137786)

MARC details
000 -LEADER
fixed length control field 00711nam a2200193Ia 4500
003 - CONTROL NUMBER IDENTIFIER
control field LK-CoDNM
008 - FIXED-LENGTH DATA ELEMENTS--GENERAL INFORMATION
fixed length control field 010623t xxu||||| |||| 00| 1 sin d
040 ## - CATALOGING SOURCE
Original cataloging agency LK-CoDNM
Modifying agency LK-CoDNM
Description conventions LK-CoDNM
041 ## - LANGUAGE CODE
Language code of text/sound track or separate title Sinhala; Sinhalese
080 ## - UNIVERSAL DECIMAL CLASSIFICATION NUMBER
Universal Decimal Classification number (x)37
Item number SRI
942 ## - ADDED ENTRY ELEMENTS (KOHA)
Koha item type Books
245 ## - TITLE STATEMENT
Title කළුතර අධ්‍යාපන පර්දේශයේ පස් අවුරුදු අධ්‍යාපන සංවර්ධන සැලැස්ම 1979-1983
246 ## - VARYING FORM OF TITLE
Title proper/short title Kaluthara addyapana pradeshaye pas aurudu addyapana sanwardhana saelasma 1979-1983
260 ## - PUBLICATION, DISTRIBUTION, ETC. (IMPRINT)
Name of publisher, distributor, etc. Pradeshiiya addyapana departhamenthuwa
Place of publication, distribution, etc. Kaluthara
300 ## - PHYSICAL DESCRIPTION
Other physical details (x)139, 24 cm
650 ## - SUBJECT ADDED ENTRY--TOPICAL TERM
Topical term or geographic name as entry element Education
650 ## - SUBJECT ADDED ENTRY--TOPICAL TERM
Topical term or geographic name as entry element Kaluthara distric
650 ## - SUBJECT ADDED ENTRY--TOPICAL TERM
Topical term or geographic name as entry element Planning
Holdings
Withdrawn status Lost status Damaged status Not for loan Collection code Permanent Location Current Location Date acquired Full call number Barcode Koha item type
        Monographs Library National Museum Colombo - Sri Lanka Library National Museum Colombo - Sri Lanka 2023-08-02 (x)37 SRI 94-117669 Books
Copyright © 2023 Department of National Museum, Colombo 07, Sri Lanka Funded by UNESCO IFAP UNESCO